1169 1395 1599 1516 1139 1610 1090 1128 1807 1278 1648 1665 1570 1784 1145 1562 1895 1361 1553 1618 1048 1352 1749 1149 1220 1260 1071 1938 1070 1842 1668 1530 1361 1056 1769 1606 1903 1957 1440 1206 1534 1528 1393 1246 1187 1679 1491 1417 1099 1766 1148 1685 1331 1702 1748 1430 1376 1887 1424 1232 1221 1466 1119 1565 1357 1087 1703 1557 1413 1805 1168 1442 1193 1313 1462 1227 1456 1395 1577 1795 1291 1440 1654 1027 1257 1228 1066 1970 1000 1877 1827 1145 1798 1859 1501 1308 1535 1786 1746 BCNSPRNW ULIB Ver.6.0+V

เปลี่ยนเป็นภาษาไทย

Change to English
 แสดงรายละเอียดบรรณานุกรม
  กลับหน้าหลัก

Brief Record : Get Marc (ISO 2709) : E-mail record : QR code < ปิดหน้าต่าง
LEADER : 00000nam 2200000uu 4500
001    13399108892
003     ULIB
008    110316s||||||||th 000 0 tha d
020    9741335407
060 04 WY85^bส733จ 2551
100 0  สิวลี ศิริไล
245 10 จริยศาสตร์สำหรับพยาบาล /^cสิวลี ศิริไล
250    พิมพ์ครั้งที่ 10
260    กรุงเทพฯ :^bโรงพิมพ์แห่งจุฬาลงกรณ์มหาวิทยาลัย,^c2551
300    279 หน้า ;^c21 ซม.
650  7 จรรยาบรรณพยาบาล
650  7 จริยศาสตร์
945    ^p150^l0^i024450
945    ^p150^l0^i024449
945    ^p150^l0^i024448
945    ^p150^l0^i024451
995    เกษร
999 ^a ใช้งานได้ทุกระบบ
รายการนี้ยังไม่มีแท็ก
คุณยังไม่ได้ล็อกอิน คุณสามารถมีกิจกรรมร่วมกับเว็บไซต์ได้ แต่ต้องล็อกอินก่อน ::
  ล็อกอิน

รายการสื่อสารสนเทศ

ลำดับที่ ประเภท เลขเรียก/บาร์โค้ด สถานที่ สถานะ
- ไม่พบข้อมูล -

รายการใกล้เคียง
    ผู้แต่ง [สิวลี ศิริไล]

    หัวเรื่อง [จรรยาบรรณพยาบาล]
    หัวเรื่อง [จริยศาสตร์]

BibComment


ยังไม่เคยถูกคอมเมนท์

คอมเมนท์ทรัพยากรรายการนี้
  คอมเมนท์: จริยศาสตร์สำหรับพ..


 Copyright 2026. Bcnsprnw @Library